| 000 | 00619nam a2200205 i 4500 | ||
|---|---|---|---|
| 001 | 147929 | ||
| 003 | ES-MaACL | ||
| 005 | 20230906202335.0 | ||
| 007 | t| | ||
| 008 | 071008s1916 sp ||||1| spa d | ||
| 100 | 1 |
_aUrdaneta, Rafael. _9112108 |
|
| 245 | 1 | 0 |
_aMemorias del General / _cRafael Urdaneta ; prólogo de R. Blanco Fombona. |
| 260 |
_aMadrid : _bJuan Pueyo, _c1916. |
||
| 300 |
_aXXXI, 444 p. ; _c23 cm. |
||
| 490 | 1 | _aBiblioteca Ayacucho | |
| 700 | 1 |
_aBlanco Fombona, Rufino, _d1874-1944 _929251 |
|
| 830 | 0 |
_aBiblioteca Ayacucho _9177888 |
|
| 852 |
_aES-MaACL _jF-837 |
||
| 999 |
_c147929 _d147929 |
||